000
00229 a2200097 4500
001
47737
100
_a
Emme E
245
_a
the history of rocket technology
260
_a
Wayne
_b
Wayne state university
_c
090
_c
30741
_d
30741
942
_a
NUST-CAE
_c
M
_c
23049
999
_c
282810
_d
282810